000 00622nam a2200229 i 4500
001 21542
003 BD-RjUL
005 20211209000711.0
008 140304s1975 bg 000 0 eng d
035 _a(BD-RjUL)21606
040 _aDLC
_cDLC
_dDLC
_dBD-RjUL
_beng
041 _aeng
082 0 0 _a821
_bDAE 1975
100 1 _aDatza, Sanjib.
_966533
245 1 0 _aEyeless in the urn /
_cSanjib Datza.
260 _aDacca :
_bLalan Prakashani,
_c1975.
300 _a45 p. ;
_c22 cm.
600 1 0 _aDatta, Dhirendranath,
_d1886-1971
_xPoetry.
_966537
942 _2ddc
_cBK
999 _c21542
_d21542